Biochemistry and clinical pathology/ (Record no. 206992)

MARC details
000 -LEADER
fixed length control field 00653nam a22002177a 4500
005 - DATE AND TIME OF LATEST TRANSACTION
control field 20241114123617.0
010 ## - LCCN (DPL NO)
LC control number ENG-142621
020 ## - INTERNATIONAL STANDARD BOOK NUMBER
Terms of availability 175.00
International Standard Book Number 9789380316772
035 ## - SYSTEM CONTROL NUMBER
System control number EN-126153
037 ## - SOURCE OF ACQUISITION
Source of stock number/acquisition DBAD
082 ## - DEWEY DECIMAL CLASSIFICATION NUMBER
Classification number 574.192
100 ## - MAIN ENTRY--PERSONAL NAME
Personal name Mishra, Garima
245 ## - TITLE STATEMENT
Title Biochemistry and clinical pathology/
Statement of responsibility, etc by Garima mishra [and] Pradeep singh
260 ## - PUBLICATION, DISTRIBUTION, ETC. (IMPRINT)
Place of publication, distribution, etc New Delhi
Name of publisher, distributor, etc Ahuja publishing house
Date of publication, distribution, etc 2019
270 ## - ADDRESS
Address C-8/124B, Keshav puram
City Delhi
Postal code 110066
300 ## - PHYSICAL DESCRIPTION
Extent 125p.;
Dimensions 24cm(pb)
Other physical details ill.
500 ## - GENERAL NOTE
General note <br/><br/>
650 ## - SUBJECT ADDED ENTRY--TOPICAL TERM
Topical term or geographic name as entry element Pathology
700 ## - ADDED ENTRY--PERSONAL NAME
Personal name Pradeep singh
9 (RLIN) 73956
942 ## - ADDED ENTRY ELEMENTS (KOHA)
Source of classification or shelving scheme Dewey Decimal Classification
Item type English Books
Classification part 574.192
Call number suffix MIS
Holdings
Withdrawn status Lost status Not for loan Collection code Home library Current library Date acquired Source of acquisition Cost, normal purchase price Full call number Barcode Copy number Cost, replacement price Koha item type
      Non-fiction Bawana Bawana 14/11/2024 DBAD 175.00 574.192 MIS EN-126153 1 175.00 English Books

© Delhi Public Library
Hit Counter
free hit counter